| 000 | 01040nam a2200241 a 4500 | ||
|---|---|---|---|
| 001 | 000042369 | ||
| 005 | 20240516201122.0 | ||
| 008 | 131127s2012 cr ad r 000 0 spa d | ||
| 020 | _a9789968809900 | ||
| 040 |
_aDO-SdBNP _bspa _cBNPHU |
||
| 082 |
_a352.4097293 _bF981a |
||
| 110 | 2 |
_aFundación para el Desarrollo Local y el Fortalecimiento Municipal e Institucional de Centroamérica y el Caribe (Fundación DEMUCA) _969450 |
|
| 245 | 1 | 0 |
_aAutonomía financiera : _bla condición de las finanzas municipales en República Dominicana. |
| 260 |
_aSan José, Costa Rica : _bFundación DEMUCA, _c2012. |
||
| 300 |
_a96 p. : _bil., gráfcs. ; _c28 cm. |
||
| 504 | _aBibliografía : p. 89-91. | ||
| 590 | _aInventariado, 2018/BT | ||
| 650 | 4 |
_aAutonomía municipal _zRepública Dominicana _969451 |
|
| 650 | 4 |
_aHacienda municipal _zRepública Dominicana _969452 |
|
| 650 | 0 |
_aFINANZAS PÚBLICAS _xREPÚBLICA DOMINICANA _98564 |
|
| 650 | 4 |
_aAdministración financiera _zRepública Dominicana _97939 |
|
| 910 | _aValidado. Control de calidad. EMS | ||
| 999 |
_c41858 _d41858 |
||